| 000 | 00961cam a2200229 4500 | ||
|---|---|---|---|
| 001 | J107698 | ||
| 008 | 000000n2000 000 0 eng u | ||
| 035 | _a(Sirsi) u107698 | ||
| 050 | _a333.332091 $2 18 | ||
| 110 |
_aInternational Valuation Standards Committee _93611 |
||
| 245 | _aInternational valuation standards 2000. | ||
| 260 |
_aLondon _bIVSC _c2000 |
||
| 300 | _aviii,376p. ; 21cm. | ||
| 350 | _a70.00 | ||
| 520 | _aThe first publication to be launched under the IVSC Standards Project. The objective is that by 2002 there will be a set of comprehensive and robust international standards facilitating cross-border transactions involving property and promoting transparency in financial reporting. Includes glossary of terms. | ||
| 650 | _aINTERNATIONAL VALUATION STANDARDS | ||
| 650 | _aVALUATION STANDARDS | ||
| 650 | _aGLOSSARIES | ||
| 690 | _aPROPERTY-PROPERTY APPRAISAL AND VALUATION | ||
| 856 | _uhttps://www.ivsc.org | ||
| 942 | _n0 | ||
| 999 |
_c100711 _d100711 |
||